Лолита: пер. с англ.

Bibliografiset tiedot
Päätekijä: Набоков В. В. Владимир Владимирович
Muut tekijät: Долинин А. (переводчик)
Kieli:venäjä
Julkaistu: Москва, Художественная литература, 1991
Aineistotyyppi: MixedMaterials Kirja
KOHA link:https://koha.lib.tpu.ru/cgi-bin/koha/opac-detail.pl?biblionumber=81171

MARC

LEADER 00000nam0a2200000 4500
001 81171
005 20231031095036.0
010 |a 528001639X 
020 |a RU  |b 91-57496 
035 |a (RuTPU)RU\TPU\book\87267 
090 |a 81171 
100 |a 20050917d1991 m a0rusy5003 ca 
101 1 |a rus  |c eng 
102 |a RU 
105 |a y z 000ay 
200 1 |a Лолита  |e пер. с англ.  |f В. В. Набоков  |g [Вступ. ст. и коммент. А. Долинина] 
210 |a Москва  |c Художественная литература  |d 1991 
215 |a 413,[2] с.  |d 20 см 
675 |a Р1  |z rus 
700 1 |a Набоков  |b В. В.  |c российский и американский писатель, переводчик, литератеровед  |f 1899-1977  |g Владимир Владимирович  |2 stltpush  |3 (RuTPU)RU\TPU\pers\1120 
702 1 |a Долинин  |b А.  |4 730 
801 0 |a RU  |b RuMRKP  |c 19950417  |g psbo 
801 1 |a RU  |b 63413507  |c 20050917  |g PSBO 
801 2 |a RU  |b 63413507  |c 20171012  |g PSBO 
942 |c BK